Datum a čas kvízu
14.5
Celkem bodů
Celkový počet nahraných bodů na tomto kvízu bez doplňovacích otázek.
7.
Pořadí na kvízu
Konečné umístění týmu na tomto kvízu.
Zaznamenané odpovědi
| # | Otázka | Odpověď | Body | Výsledky |
|---|---|---|---|---|
| 1. | Krajský soud v Plzni začal min... | 0 | ||
| 2. | Minulé pondělí kolem desáté ho... | 0 | ||
| 3. | Jeden slavný večerníčkový seri... | 1 | ||
| 4. | Škoda Auto představila nový ko... | 1 | ||
| 5. | Bývalá světová jednička a drži... | 0 | ||
| 6. | Nyní se podíváme na komunální... | 0.5 | ||
| 7. | Výsledky voleb na pražský magi... | 0 | ||
| 8. | Dva z kandidátů posledních pre... | 0 | ||
| 9. | Kolik procent voličů navštívil... | 0 | ||
| 10. | Napište jméno volebního lídra... | 0 |